| 000 | 00320 a2200109 4500 | ||
|---|---|---|---|
| 082 | _a150 SEX | ||
| 100 | _aSexton, Virginia Staudt | ||
| 245 |
_aPsychology Around the World _cVirginia Staudt Sexton, Henry K Misiak |
||
| 260 |
_aIslamabad _bNational Book Foundation, |
||
| 300 |
_aviii, 470p. : _c25 cm |
||
| 650 | _aPsychology | ||
| 999 |
_c70 _d70 |
||